000 00832nam a2200253 4500
001 16522
003 HDC
007 cr bn ---aaaaa
008 210221c mydr|noo 0 a may d
040 _aHDC
100 _aRaihanah Abdullah
_eauthor
_916285
245 0 _aMakanan segera antara punca kegemukan kanak-kanak /
_cby Raihanah Abdullah
260 _aMalaysia:
_bBerita Harian,
_c2003
336 _atext
_2rdacontent
337 _acomputer
_2rdamedia
338 _aonline resource
_2rdacarrier
650 _adietitian
_98967
650 _afast food
_92040
710 _aBerita Harian
856 _zRequest full-text at [email protected]
942 _2lcc
942 _cNEWS
942 _kNSWO 008464
999 _c13838
_d13838